000 00657nam a2200169 a 4500
008 060424s1983 ||||||||||||||||| || u
020 _a0860950301
050 _aTH 3401 Mar
100 _aMarsh, Paul Hugh
245 1 4 _aThe refurbishment of commercial and industrial buildings
246 _aRefurbishment of commercial & industrial buildings.
260 _aLondon :
_bConstruction Press
_c1983
300 _avii, 94 p. : ill.
350 _a0.00
650 _aBUILDINGS--REPAIR AND RECONSTRUCTION
995 _D0.00
_FCBU-MAIN LIBRARY (Kitwe)
_H1
_I25.00
_UAVAILABLE
_ZMain Library Open Access Collection
999 _c55883
_d55883